000 00894nam a22002297a 4500
005 20260423152725.0
008 260423b |||||||| |||| 00| 0 eng d
020 _a9789383171330 (pbk)
037 _cTB
040 _aCRL
_cCRL
041 _2hin
_ahin
084 _aO152,1NUTx R0
_qCRL
100 _aउतकर, नामदेव 'नान्देडी'
_91235556
245 _aमानवता के देवता
260 _aकानपुर, भारत:
_bपूजा पब्लिकेशन,
_c2020.
300 _a108पृ.
365 _b200.00
_cINR
650 _aहिन्दी कविता
650 _aहिन्दी साहित्य
942 _2CC
_cTB
_hO152,1NUTx R0
_n0
999 _c1848439
_d1848439